Invisibile : [una storia contro ogni bullismo] /

Guardat en:
Dades bibliogràfiques
Autor principal: Moreno, Eloy
Altres autors: Di Rosa, Sara (Traductor)
Format: Llibre
Idioma:italià
Publicat: Milano : Mondadori, 2019
Col·lecció:Contemporanea
Etiquetes: Afegir etiqueta
Sense etiquetes, Sigues el primer a etiquetar aquest registre!

MARC

LEADER 00000nam a22000007i 4500
001 IT\ICCU\LO1\1767219
003 ItRI
005 20260115232030.0
008 191104s2019 it |||||| ||||| |||||c
020 |a 9788804716938 
020 |a 9788804797500 (2024) 
040 |b ita  |c importazione bologna sebina 
041 7 |a ita  |2 ISO-639-2 
082 |a 863.7  |9 NARRATIVA SPAGNOLA, 2000-  |2 23 
100 1 |a Moreno, Eloy  |0 IT\ICCU\RCAV\260658 
240 1 0 |a Invisible  |3 IT\ICCU\LO1\1767221  |9 Moreno, Eloy 
245 1 0 |a Invisibile :  |b [una storia contro ogni bullismo] /  |c Eloy Moreno ; traduzione di Sara Di Rosa. 
260 |a Milano :  |b Mondadori,  |c 2019 
300 |a 313 p. ;  |c 23 cm 
500 |a Complemento del titolo dalla copertina 
700 1 |a Di Rosa, Sara  |0 IT\ICCU\LO1V\434747  |4 trl 
790 1 |a Moreno Olarīa, Eloy  |3 IT\ICCU\LO1V\421020  |z Moreno, Eloy 
830 0 |a Contemporanea  |0 IT\ICCU\RAV\0228033 
942 |2 ddc  |c BK  |n 0 
952 |0 0  |1 0  |4 0  |6 R_863_700000000000000_MOR  |7 0  |9 19105  |a BO  |b BO  |d 2026-01-15  |i 19243  |l 0  |o R 863.7 MOR  |p BO19243  |r 2026-01-15 23:20:30  |w 2026-01-15  |x [Sebina 5] [1 v.]  |y BK  |z 1 v. 
999 |c 16249  |d 16249